| 000 | 00481nam a22001817a 4500 | ||
|---|---|---|---|
| 003 | KOHA_MİRAKIL | ||
| 005 | 20251221121919.0 | ||
| 008 | 251221b tu ||||| |||| 00| 0 tur d | ||
| 020 | _a9786257443661 | ||
| 040 |
_aTR-AnABB _btur _cTR-AnABB |
||
| 041 | _atur | ||
| 082 |
_a720.47 _bMIM 2021 |
||
| 245 | 1 | 0 | _aMimarlık-şehircilik ve çevre sorunları / |
| 260 |
_aİstanbul : _bHiperlink _c2021 |
||
| 300 |
_a323 sayfa ; _c21 cm |
||
| 650 | 0 | 4 | _aMimarlık |
| 942 |
_2ddc _cBK |
||
| 999 |
_c9814 _d9814 |
||
| 900 | _bGizem YORULMAZ | ||